| 000 | 00544nam a22001937a 4500 | ||
|---|---|---|---|
| 003 | KOHA_MİRAKIL | ||
| 005 | 20240930101022.0 | ||
| 008 | 240929b2021 tu ||||| |||| 00| 0 tur d | ||
| 020 | _a9786057908162 | ||
| 040 |
_aTR-AnABB _btur _cTR-AnABB |
||
| 041 | _atur | ||
| 082 |
_a956.1024 _bDOG 2021 |
||
| 100 |
_aDoğan, Ümit, _d1984-. |
||
| 245 | 0 |
_aÇocuklar için Kurtuluş Savaşı tarihi / _cÜmit Doğan. |
|
| 260 |
_aAnkara : _bKripto Yayınları, _c2021. |
||
| 300 |
_a64 sayfa ; _c21 cm. |
||
| 650 | _aTarih, Türkiye | ||
| 942 |
_2ddc _cBK |
||
| 999 |
_c2433 _d2433 |
||